Thriving on chaos -Handbook for a management revolution (Record no. 92815)
[ view plain ]
| 000 -LEADER | |
|---|---|
| fixed length control field | 00577nam a2200193Ia 4500 |
| 008 - FIXED-LENGTH DATA ELEMENTS--GENERAL INFORMATION | |
| fixed length control field | 230125s9999 xx 000 0 und d |
| 020 ## - INTERNATIONAL STANDARD BOOK NUMBER | |
| International Standard Book Number | 0-06-097184-3 |
| 041 ## - LANGUAGE CODE | |
| Language code of text/sound track or separate title | eng |
| 082 ## - DEWEY DECIMAL CLASSIFICATION NUMBER | |
| Classification number | 658.314 |
| Item number | PET |
| 100 ## - MAIN ENTRY--PERSONAL NAME | |
| Personal name | Peters T |
| 9 (RLIN) | 111998 |
| 245 ## - TITLE STATEMENT | |
| Title | Thriving on chaos -Handbook for a management revolution |
| 260 ## - PUBLICATION, DISTRIBUTION, ETC. (IMPRINT) | |
| Date of publication, distribution, etc. | 1987 |
| Name of publisher, distributor, etc. | Harper Collins Publishers |
| Place of publication, distribution, etc. | New Delhi |
| 300 ## - PHYSICAL DESCRIPTION | |
| Extent | 706p |
| 500 ## - GENERAL NOTE | |
| Keywords | Manahement revolution ,Management handbook |
| 500 ## - GENERAL NOTE | |
| Keywords | Creativity management;Motivation |
| 650 ## - SUBJECT ADDED ENTRY--TOPICAL TERM | |
| Topical term or geographic name as entry element | Personnel management |
| 700 ## - ADDED ENTRY--PERSONAL NAME | |
| Personal name | Peters T |
| 9 (RLIN) | 111998 |
| Withdrawn status | Lost status | Damaged status | Not for loan | Home library | Current library | Date acquired | Vendor | Cost, normal purchase price | Full call number | Barcode | Date last seen | Cost, replacement price | Bill Date | Koha item type | Original Barcode |
|---|---|---|---|---|---|---|---|---|---|---|---|---|---|---|---|
| Smt. Hiraben Nanavati Institute of Management & Research for Women | Smt. Hiraben Nanavati Institute of Management & Research for Women | 19/12/2002 | Satya Gilani | 200.00 | 658.314 PET DB0717 | HIMR-DB-717 | 25/01/2023 | 200.00 | 10/01/2003 | Donated Book | DB0717 |